00386nam a2200181Ia 4500003000900000008004100009040001300050040001300063041000800076100002200084245003400106250001200140260001600152260000900168300001100177300001000188490000600198IT-RoPAU120407s9999 xx 000 0 und d aIT-RoPAU cIT-RoPAU aita aJacques Chevalier aH. Bergson. Pref. Carlo Boyer aBrescia aMorcelliana c1937 a173 p. c19 cm v1